The dream of the rood;

Saved in:
Bibliographic Details
Other Authors: Swanton, Michael James (ed.)
Format: Book
Language:English
Published: Manchester, New York, Manchester University Press; Barnes & Noble, 1970.
Series:Old & Middle English texts
Subjects:
LEADER 01225cam a2200337 a 4500
001 c000378570
003 CARM
005 19990921000000.0
008 710325s1970 enkafh b 000 0 eng
010 |a 70021992 //r982  |a 70021992 
015 |a B71-02647 
019 1 |a 41727  |5 LACONCORD2021 
020 |a 0389040207 (Barnes & Noble) (pbk) 
035 |a (OCoLC)127205  |5 LACONCORD2021 
040 |a LC  |b eng  |c LC  |d LC 
041 0 |a engang 
050 0 0 |a PR1680  |b .S9 1970 
082 0 0 |a 829/.1 
082 0 4 |a 829/.1 
130 0 |a Dream of the rood. 
245 0 4 |a The dream of the rood;  |c edited by Michael Swanton. 
260 |a Manchester,  |b Manchester University Press;  |a New York,  |b Barnes & Noble,  |c 1970. 
300 |a ix, 146 p., 3 plates.  |b illus., facsims.  |c 19 cm. 
490 0 |a Old & Middle English texts 
504 |a Bibliography: p. 79-87. 
600 0 0 |a Jesus Christ  |x Crucifixion  |x Poetry. 
650 0 |a Christian poetry, English (Old) 
700 1 |a Swanton, Michael James,  |e ed. 
852 8 |b CARM  |h A1:AM25A0  |i A05018  |p 0431195  |f BK 
999 f f |i c8d8028d-b95b-5c07-804c-e2007923426d  |s 5e41e7e8-c281-50e8-9d78-861d22eefe6b 
952 f f |p Can circulate  |a CAVAL  |b CAVAL  |c CAVAL  |d CARM 1 Store  |e A05018  |f A1:AM25A0  |h Other scheme  |i book  |m 0431195